<?xml version="1.0" encoding="UTF-8"?>
<record
    xmlns:xsi="http://www.w3.org/2001/XMLSchema-instance"
    xsi:schemaLocation="http://www.loc.gov/MARC21/slim http://www.loc.gov/standards/marcxml/schema/MARC21slim.xsd"
    xmlns="http://www.loc.gov/MARC21/slim">

  <leader>00847nam a2200169 i 4500</leader>
  <controlfield tag="001">160949</controlfield>
  <controlfield tag="003">ES-MaACL</controlfield>
  <controlfield tag="005">20240710063032.0</controlfield>
  <controlfield tag="008">041006s1878    fr           |||| | fre d</controlfield>
  <datafield tag="100" ind1="1" ind2=" ">
    <subfield code="a">Olivecrona, Knut,</subfield>
    <subfield code="d">1817-1905</subfield>
    <subfield code="9">166991</subfield>
  </datafield>
  <datafield tag="245" ind1="1" ind2="3">
    <subfield code="a">La Colonie d'essai du Val-d'Y&#xE8;vre et la th&#xE9;orie de l'amendement de l'enfant par la terre et de la terre par l'enfant / </subfield>
    <subfield code="c">par K. d'Olivecrona.</subfield>
  </datafield>
  <datafield tag="260" ind1=" " ind2=" ">
    <subfield code="a">Paris : </subfield>
    <subfield code="b">Guillaumin &amp; C. : </subfield>
    <subfield code="b">A. Durand &amp; Pedone-Lauriel, </subfield>
    <subfield code="c">1878.</subfield>
  </datafield>
  <datafield tag="300" ind1=" " ind2=" ">
    <subfield code="a">64 p. ; </subfield>
    <subfield code="c">21 cm.</subfield>
  </datafield>
  <datafield tag="650" ind1=" " ind2="4">
    <subfield code="a">J&#xF3;venes delincuentes-</subfield>
    <subfield code="x">Rehabilitaci&#xF3;n-</subfield>
    <subfield code="z">Francia.</subfield>
    <subfield code="9">143337</subfield>
  </datafield>
  <datafield tag="852" ind1=" " ind2=" ">
    <subfield code="a">ES-MaACL</subfield>
    <subfield code="j">D-258(2) </subfield>
    <subfield code="z">- Enc. en un vol. facticio, formando parte de la colecci&#xF3;n facticia "Estudios penitenciarios". Este v. lleva el t&#xED;t.: Educaci&#xF3;n correccional de la juventud </subfield>
    <subfield code="z">. - Donativo Lastres</subfield>
  </datafield>
  <datafield tag="999" ind1=" " ind2=" ">
    <subfield code="c">160949</subfield>
    <subfield code="d">160949</subfield>
  </datafield>
  <datafield tag="952" ind1=" " ind2=" ">
    <subfield code="0">0</subfield>
    <subfield code="1">0</subfield>
    <subfield code="4">0</subfield>
    <subfield code="7">0</subfield>
    <subfield code="8">LIBXIX</subfield>
    <subfield code="a">ATENEOM</subfield>
    <subfield code="b">ATENEOM</subfield>
    <subfield code="c">SVI</subfield>
    <subfield code="d">2008-01-17</subfield>
    <subfield code="e">SSC</subfield>
    <subfield code="l">0</subfield>
    <subfield code="o">D-258(2)</subfield>
    <subfield code="p">901168556</subfield>
    <subfield code="r">2023-02-23 00:00:00</subfield>
    <subfield code="w">2023-02-23</subfield>
    <subfield code="y">MONANT</subfield>
  </datafield>
</record>
